| Record ID | ia:causemeaningofth00hensrich |
| Source | Internet Archive |
| Download MARC XML | https://archive.org/download/causemeaningofth00hensrich/causemeaningofth00hensrich_marc.xml |
| Download MARC binary | https://www.archive.org/download/causemeaningofth00hensrich/causemeaningofth00hensrich_meta.mrc |
LEADER: 00772cam^^2200241^a^4500
001 CHSV93-B960
003 CStRLIN
005 20001012113040.0
008 930120s1917 cau 000 0 eng d
040 $aC$cC$dCStRLIN
100 1 $aHenshaw, Frederick William,$dd. 1929.
245 14 $aThe cause and meaning of this war /$cby F. W. Henshaw.
260 $a[San Francisco :$bArgonaut press,$c1917]
300 $a32 p. ;$c24 cm.
650 0 $aWorld War, 1914-1918$xCauses.
799 0 $aCHSVKB2.D930119.T120307
852 $aGLAD$bNRLF$hD511$i.H4$pB 4 079 694
852 $aCHSV$bMAIN$hPAM 940.311$iH38
852 $aCSLD$bM$h940.912$iH52
852 $aGLAD$bNRLF$h984f$i.H526.c$p$B 28 628
852 $aCSLD$bSUTRO$h940.9$iH52
090 $aPAM 940.311$bH38
901 $aCHSV$b93-B960